000 01278nam a2200277 a 4500
001 000000392
005 20200929145333.0
008 081112s2008 dr a 000 0 spa d
020 _a9789945448016
020 _a9945448013
040 _aDO-SdBNP
_bspa
_cBNPHU
082 _a338.17373
_bM553i
245 0 0 _aMercado interno del café en la República Dominicana /
_ccoordinador Héctor Jiménez... [et. al.].
260 _aSanto Domingo :
_bIDIAF,
_c2008.
300 _a125 p. :
_bil. ;
_c23 cm.
490 1 _aEstudios socioeconómicos ;
_v3
505 0 _tIntroducción --
_tAnálisis de contexto de la industria de café --
_tMarco conceptual: economía del consumo y de los hogares --
_tEstudio de la oferta de café molido --
_tEstudio de la demanda de café molido --
_tEstudio de caso: situación de la industria de café tostado y molido en Costa Rica --
_tReferencias --
_tAnexos.
590 _aInventariado,2018/DG
650 4 _aCafé
_xComercio
_9295
650 4 _aCafé
_xMercadeo
_9297
650 4 _aIndustria del café
_zRepública Dominicana
_9296
700 1 2 _aJiménez, Héctor
_91313
710 2 _aInstituto Dominicano de Investigaciones Agropecuarias y Forestales
_9299
830 0 _aEstudos socioeconómicos;
_n3
_91314
910 _aValidado. Control de calidad BNPHU
999 _c391
_d391